000 00688nam a2200265Ia 4500
003 0100
008 130307s9999 xx 000 0 und d
020 _a0023263369
040 _cARRUPELIB
050 _aBL48.S22 1995
100 _aCunningham , Lawrence S... et. al.
245 4 _aThe sacred quest
245 _ban invitation to the study of religion
250 _a2nd ed.
260 _aEnglewood Cliffs
260 _bPrentice Hall
260 _cc1995.
300 _ax
300 _b182p. 23cm.
650 _aRELIGION
650 _bSocial sciences -- Periodicals
650 _cAfrica, Southern--Periodicals
650 _dAfrica, Central -- Periodicals
942 0 0 _01
999 _c94636
_d94636